Mishkat Al Masabih (Record no. 347223)
[ view plain ]
| 000 -LEADER | |
|---|---|
| fixed length control field | 00357 a2200145 4500 |
| 020 ## - INTERNATIONAL STANDARD BOOK NUMBER | |
| International Standard Book Number | 9694320917 |
| 082 ## - DEWEY DECIMAL CLASSIFICATION NUMBER | |
| Classification number | 297.124052 |
| 090 ## - LOCALLY ASSIGNED LC-TYPE CALL NUMBER (OCLC); LOCAL CALL NUMBER (RLIN) | |
| -- | 4792 |
| -- | 4792 |
| 100 ## - MAIN ENTRY--PERSONAL NAME | |
| Personal name | Robson,James. |
| 245 ## - TITLE STATEMENT | |
| Title | Mishkat Al Masabih |
| Statement of responsibility, etc. | Dr.James Robson |
| 260 ## - PUBLICATION, DISTRIBUTION, ETC. | |
| Place of publication, distribution, etc. | Lahore |
| Name of publisher, distributor, etc. | Sh.Muhammad Ashraf |
| Date of publication, distribution, etc. | 1999 |
| 300 ## - PHYSICAL DESCRIPTION | |
| Extent | 816p |
| 500 ## - GENERAL NOTE | |
| General note | Hard cover |
| 942 ## - ADDED ENTRY ELEMENTS (KOHA) | |
| Institution code [OBSOLETE] | NBS |
| Koha item type | Book |
| Call number prefix | 297.124052 MIS |
| Withdrawn status | Lost status | Damaged status | Not for loan | Permanent Location | Current Location | Shelving location | Date acquired | Total Checkouts | Full call number | Barcode | Date last seen | Date last checked out | Price effective from | Koha item type | Source of classification or shelving scheme | Total Renewals | Public note |
|---|---|---|---|---|---|---|---|---|---|---|---|---|---|---|---|---|---|
| Central Library (CL) | Central Library (CL) | First Floor - Islam | 08/28/2013 | 2 | 297.124052 MIS | NBS4410 | 11/02/2015 | 10/12/2015 | 08/28/2013 | Reference | |||||||
| Central Library (CL) | Central Library (CL) | First Floor - Islam | 08/28/2013 | 1 | 297.124052 MIS | NBS4411 | 10/17/2019 | 09/19/2019 | 08/28/2013 | Reference | |||||||
| Central Library (CL) | Central Library (CL) | First Floor - Islam | 08/28/2013 | 1 | 297.124052 MIS | NBS4297 | 04/18/2025 | 05/28/2024 | 08/28/2013 | Book | 3 | ||||||
| Write Off | Central Library (CL) | Central Library (CL) | 02/12/2021 | 297.124052 MIS | NBS4298 | 02/12/2021 | 02/12/2021 | Book | Write off File No.0908/IRC/NBS Dated Aug 16, 2018 | ||||||||
| NUST Law School (NLS) | NUST Law School (NLS) | First Floor - Islam | 08/28/2013 | 2 | 297.124052 MIS | NBS4408 | 04/15/2024 | 04/15/2024 | 08/28/2013 | Book | |||||||
| NUST Law School (NLS) | NUST Law School (NLS) | First Floor - Islam | 08/28/2013 | 1 | 297.124052 MIS | NBS4409 | 04/15/2024 | 04/15/2024 | 08/28/2013 | Book |
